[Event "OeISM B U16"]
[Site "austriaU16b"]
[Date "2020.12.11"]
[Round "4"]
[White "Marc_m"]
[Black "Mat_Sta"]
[Result "1-0"]
[WhiteElo "1997"]
[BlackElo "1992"]
[Annotator "NA"]
[PlyCount "82"]
[EventDate "2020.12.11"]
[EventType "blitz"]

1. e4 {[%emt 0:00:02]} e6 {[%emt 0:00:01]} 2. d3 {[%emt 0:00:02]} d5 {[%emt 0:00:02]} 3. Nd2 {[%emt 0:00:01]} c5 {[%emt 0:00:02]} 4. Ngf3 {[%emt 0:00:01]} Nc6 {[%emt 0:00:01]} 5. g3 {[%emt 0:00:01]} Nf6 {[%emt 0:00:04]} 6. Bg2 {[%emt 0:00:01]} Bd6 {[%emt 0:00:06]} 7. O-O {[%emt 0:00:01]} d4 {[%emt 0:00:01]} 8. a4 {[%emt 0:00:11]} e5 {[%emt 0:00:03]} 9. Nc4 {[%emt 0:00:02]} Be6 {[%emt 0:00:11]} 10. Nh4 {[%emt 0:00:10]} O-O {[%emt 0:00:10]} 11. Nxd6 {[%emt 0:00:04]} Qxd6 {[%emt 0:00:05]} 12. f4 {[%emt 0:00:02]} Bg4 {[%emt 0:00:02]} 13. Bf3 {[%emt 0:00:16]} Qd7 {[%emt 0:00:23]} 14. f5 {[%emt 0:00:05]} Bxf3 {[%emt 0:00:02]} 15. Qxf3 {[%emt 0:00:02]} Nb4 {[%emt 0:00:20]} 16. Qe2 {[%emt 0:00:09]} Rac8 {[%emt 0:00:07]} 17. b3 {[%emt 0:00:02]} a6 {[%emt 0:00:04]} 18. g4 {[%emt 0:00:02]} b5 {[%emt 0:00:03]} 19. g5 {[%emt 0:00:03]} Ne8 {[%emt 0:00:07]} 20. axb5 {[%emt 0:01:07]} axb5 {[%emt 0:00:05]} 21. Rf3 {[%emt 0:00:03]} f6 {[%emt 0:00:30]} 22. g6 {[%emt 0:00:14]} h6 {[%emt 0:00:06]} 23. Rh3 {[%emt 0:00:03]} Nd6 {[%emt 0:00:02]} 24. Ng2 {[%emt 0:00:10]} Rc7 {[%emt 0:00:09]} 25. Bxh6 {[%emt 0:00:15]} gxh6 {[%emt 0:00:12]} 26. Rxh6 {[%emt 0:00:00]} Qg7 {[%emt 0:00:13]} 27. Rh7 {[%emt 0:00:02]} Qxh7 {[%emt 0:00:01]} 28. gxh7+ {[%emt 0:00:00]} Rxh7 {[%emt 0:00:00]} 29. Qf2 {[%emt 0:00:36]} Rg7 {[%emt 0:00:13]} 30. Kh1 {[%emt 0:00:04]} Kh8 {[%emt 0:00:24]} 31. Nh4 {[%emt 0:00:01]} Rfg8 {[%emt 0:00:06]} 32. Ng6+ {[%emt 0:00:04]} Rxg6 {[%emt 0:00:01]} 33. Qh4+ {[%emt 0:00:05]} Kg7 {[%emt 0:00:02]} 34. Ra7+ {[%emt 0:00:02]} Nf7 {[%emt 0:00:01]} 35. fxg6 {[%emt 0:00:02]} Kxg6 {[%emt 0:00:01]} 36. Qg4+ {[%emt 0:00:03]} Ng5 {[%emt 0:00:00]} 37. Qf5+ {[%emt 0:00:01]} Kh6 {[%emt 0:00:01]} 38. Qxf6+ {[%emt 0:00:01]} Rg6 {[%emt 0:00:01]} 39. Qh8+ {[%emt 0:00:01]} Nh7 {[%emt 0:00:01]} 40. Rxh7+ {[%emt 0:00:01]} Kg5 {[%emt 0:00:00]} 41. Qxe5+ {[%emt 0:00:03]} Kg4 {[%emt 0:00:01] Mat_Sta resigns (Lag: Av=1.24s, max=5.0s)} 1-0

[Event "OeISM B U16"]
[Site "austriaU16b"]
[Date "2020.12.11"]
[Round "4"]
[White "CrushTheRush"]
[Black "Nasnaseez"]
[Result "1-0"]
[WhiteElo "1918"]
[BlackElo "1794"]
[Annotator "NA"]
[PlyCount "85"]
[EventDate "2020.12.11"]
[EventType "blitz"]

1. e4 {[%emt 0:00:02]} d6 {[%emt 0:00:07]} 2. d4 {[%emt 0:00:01]} Nf6 {[%emt 0:00:04]} 3. Nc3 {[%emt 0:00:02]} e5 {[%emt 0:00:01]} 4. Nf3 {[%emt 0:00:03]} Nbd7 {[%emt 0:00:01]} 5. Bc4 {[%emt 0:00:03]} Be7 {[%emt 0:00:01]} 6. O-O {[%emt 0:00:02]} O-O {[%emt 0:00:02]} 7. h3 {[%emt 0:00:01]} c6 {[%emt 0:00:02]} 8. Bb3 {[%emt 0:00:01]} b5 {[%emt 0:00:05]} 9. a3 {[%emt 0:00:03]} a5 {[%emt 0:00:02]} 10. Re1 {[%emt 0:00:02]} Bb7 {[%emt 0:00:10]} 11. Bg5 {[%emt 0:00:21]} Qc7 {[%emt 0:00:23]} 12. dxe5 {[%emt 0:00:22]} dxe5 {[%emt 0:00:03]} 13. Qe2 {[%emt 0:00:02]} Nc5 {[%emt 0:00:06]} 14. Ba2 {[%emt 0:00:03]} b4 {[%emt 0:00:06]} 15. Bxf6 {[%emt 0:00:02]} Bxf6 {[%emt 0:00:14]} 16. axb4 {[%emt 0:00:02]} axb4 {[%emt 0:00:02]} 17. Nd1 {[%emt 0:00:10]} b3 {[%emt 0:00:06]} 18. cxb3 {[%emt 0:00:04]} Nxb3 {[%emt 0:00:06]} 19. Bxb3 {[%emt 0:00:01]} Rxa1 {[%emt 0:00:02]} 20. Nc3 {[%emt 0:00:00]} Rxe1+ {[%emt 0:00:01]} 21. Qxe1 {[%emt 0:00:00]} Rd8 {[%emt 0:00:09]} 22. Qe2 {[%emt 0:00:03]} Qb6 {[%emt 0:00:07]} 23. Qc4 {[%emt 0:00:03]} Qc7 {[%emt 0:00:23]} 24. Nd5 {[%emt 0:00:04]} Qd6 {[%emt 0:00:18]} 25. Ne3 {[%emt 0:00:08]} Qd7 {[%emt 0:00:24]} 26. Nf5 {[%emt 0:00:10]} Ra8 {[%emt 0:00:07]} 27. g4 {[%emt 0:00:05]} Ba6 {[%emt 0:00:01]} 28. Qc3 {[%emt 0:00:08]} h6 {[%emt 0:00:13]} 29. h4 {[%emt 0:00:03]} Qd3 {[%emt 0:00:13]} 30. Qxd3 {[%emt 0:00:47]} Bxd3 {[%emt 0:00:00]} 31. g5 {[%emt 0:00:01]} hxg5 {[%emt 0:00:02]} 32. hxg5 {[%emt 0:00:00]} Bd8 {[%emt 0:00:01]} 33. Nd6 {[%emt 0:00:06]} Rb8 {[%emt 0:00:14]} 34. Bxf7+ {[%emt 0:00:04]} Kh7 {[%emt 0:00:04]} 35. Nxe5 {[%emt 0:00:06]} Bc2 {[%emt 0:00:05]} 36. Bg6+ {[%emt 0:00:02]} Kg8 {[%emt 0:00:02]} 37. Nxc6 {[%emt 0:00:01]} Ra8 {[%emt 0:00:02]} 38. b4 {[%emt 0:00:07]} Bc7 {[%emt 0:00:03]} 39. Nf5 {[%emt 0:00:07]} Kf8 {[%emt 0:00:02]} 40. Nfd4 {[%emt 0:00:03]} Bd3 {[%emt 0:00:01]} 41. Ne6+ {[%emt 0:00:01]} Kg8 {[%emt 0:00:01]} 42. Nxc7 {[%emt 0:00:01]} Rc8 {[%emt 0:00:02]} 43. Ne7+ {[%emt 0:00:00] Nasnaseez resigns} 1-0

[Event "OeISM B U16"]
[Site "austriaU16b"]
[Date "2020.12.11"]
[Round "4"]
[White "Daniel05"]
[Black "gadoru"]
[Result "1-0"]
[WhiteElo "1813"]
[BlackElo "1689"]
[Annotator "NA"]
[PlyCount "73"]
[EventDate "2020.12.11"]
[EventType "blitz"]

1. d4 {[%emt 0:00:04]} Nf6 {[%emt 0:00:01]} 2. c4 {[%emt 0:00:01]} g6 {[%emt 0:00:01]} 3. Nc3 {[%emt 0:00:05]} d5 {[%emt 0:00:00]} 4. e3 {[%emt 0:00:02]} Bg7 {[%emt 0:00:05]} 5. cxd5 {[%emt 0:00:01]} Nxd5 {[%emt 0:00:04]} 6. Nxd5 {[%emt 0:00:00]} Qxd5 {[%emt 0:00:04]} 7. Ne2 {[%emt 0:00:00]} O-O {[%emt 0:00:11]} 8. Nc3 {[%emt 0:00:02]} Qa5 {[%emt 0:00:14]} 9. Bd2 {[%emt 0:00:01]} c6 {[%emt 0:00:05]} 10. Be2 {[%emt 0:00:01]} Nd7 {[%emt 0:00:13]} 11. O-O {[%emt 0:00:04]} Qd8 {[%emt 0:00:12]} 12. Bf3 {[%emt 0:00:34]} e5 {[%emt 0:00:07]} 13. d5 {[%emt 0:00:07]} cxd5 {[%emt 0:00:16]} 14. Nxd5 {[%emt 0:00:15]} Nf6 {[%emt 0:00:30]} 15. Bc3 {[%emt 0:00:07]} Nxd5 {[%emt 0:00:17]} 16. Bxd5 {[%emt 0:00:00]} Rb8 {[%emt 0:00:14]} 17. Qb3 {[%emt 0:00:02]} b6 {[%emt 0:00:06]} 18. Rfd1 {[%emt 0:00:03]} Qg5 {[%emt 0:00:12]} 19. Bb4 {[%emt 0:00:04]} Rd8 {[%emt 0:00:24]} 20. Bxf7+ {[%emt 0:00:02]} Kh8 {[%emt 0:00:02]} 21. Rxd8+ {[%emt 0:00:39]} Qxd8 {[%emt 0:00:02]} 22. Rd1 {[%emt 0:00:01]} Qg5 {[%emt 0:00:01]} 23. Bd6 {[%emt 0:00:16]} Bh3 {[%emt 0:00:06]} 24. Bd5 {[%emt 0:00:22]} Rd8 {[%emt 0:00:10]} 25. Bf3 {[%emt 0:00:25]} Bf5 {[%emt 0:00:07]} 26. Kh1 {[%emt 0:00:23]} e4 {[%emt 0:00:02]} 27. Be2 {[%emt 0:00:01]} Qf6 {[%emt 0:00:05]} 28. Bg3 {[%emt 0:00:11]} Rxd1+ {[%emt 0:00:02]} 29. Qxd1 {[%emt 0:00:00]} h6 {[%emt 0:00:02]} 30. b3 {[%emt 0:00:02]} Qb2 {[%emt 0:00:02]} 31. Bb8 {[%emt 0:00:03]} Qxa2 {[%emt 0:00:02]} 32. h3 {[%emt 0:00:02]} Be6 {[%emt 0:00:04]} 33. b4 {[%emt 0:00:02]} Bb3 {[%emt 0:00:01]} 34. Qd8+ {[%emt 0:00:02]} Kh7 {[%emt 0:00:02]} 35. Qe7 {[%emt 0:00:03]} Qa1+ {[%emt 0:00:02]} 36. Kh2 {[%emt 0:00:03]} Qc3 {[%emt 0:00:02]} 37. Bxa7 {[%emt 0:00:01] TimeB} 1-0

[Event "OeISM B U16"]
[Site "austriaU16b"]
[Date "2020.12.11"]
[Round "4"]
[White "MasterWeichhart"]
[Black "gor200506"]
[Result "1-0"]
[WhiteElo "1786"]
[BlackElo "1746"]
[Annotator "NA"]
[PlyCount "77"]
[EventDate "2020.12.11"]
[EventType "blitz"]

1. c4 {[%emt 0:00:04]} Nf6 {[%emt 0:00:03]} 2. g3 {[%emt 0:00:01]} g6 {[%emt 0:00:01]} 3. Bg2 {[%emt 0:00:00]} Bg7 {[%emt 0:00:01]} 4. Nf3 {[%emt 0:00:01]} O-O {[%emt 0:00:01]} 5. O-O {[%emt 0:00:00]} d6 {[%emt 0:00:01]} 6. Nc3 {[%emt 0:00:00]} a6 {[%emt 0:00:02]} 7. d4 {[%emt 0:00:01]} Nbd7 {[%emt 0:00:02]} 8. e4 {[%emt 0:00:01]} c5 {[%emt 0:00:02]} 9. d5 {[%emt 0:00:02]} Rb8 {[%emt 0:00:05]} 10. Qc2 {[%emt 0:00:13]} b5 {[%emt 0:00:04]} 11. b3 {[%emt 0:00:01]} bxc4 {[%emt 0:00:24]} 12. bxc4 {[%emt 0:00:00]} Nb6 {[%emt 0:00:11]} 13. Nd2 {[%emt 0:00:07]} Bd7 {[%emt 0:00:05]} 14. Bb2 {[%emt 0:00:06]} Qc7 {[%emt 0:00:19]} 15. Rab1 {[%emt 0:00:02]} Ng4 {[%emt 0:00:13]} 16. Rfe1 {[%emt 0:00:23]} Ne5 {[%emt 0:00:02]} 17. Bf1 {[%emt 0:00:02]} Bh6 {[%emt 0:00:37]} 18. f4 {[%emt 0:00:04]} Ng4 {[%emt 0:00:25]} 19. h3 {[%emt 0:00:06]} Nf6 {[%emt 0:00:03]} 20. e5 {[%emt 0:00:02]} Nh5 {[%emt 0:00:06]} 21. e6 {[%emt 0:00:13]} fxe6 {[%emt 0:00:03]} 22. dxe6 {[%emt 0:00:00]} Bc6 {[%emt 0:00:01]} 23. Qd3 {[%emt 0:00:05]} Ba8 {[%emt 0:00:21]} 24. Nd5 {[%emt 0:00:02]} Nxd5 {[%emt 0:00:06]} 25. cxd5 {[%emt 0:00:00]} Nf6 {[%emt 0:00:02]} 26. Bg2 {[%emt 0:00:07]} a5 {[%emt 0:00:16]} 27. Red1 {[%emt 0:00:02]} Bg7 {[%emt 0:00:07]} 28. Nc4 {[%emt 0:00:18]} Bb7 {[%emt 0:00:04]} 29. Ne3 {[%emt 0:00:02]} Qb6 {[%emt 0:00:03]} 30. Bxf6 {[%emt 0:00:03]} Qxb1 {[%emt 0:00:04]} 31. Rxb1 {[%emt 0:00:02]} Bxf6 {[%emt 0:00:00]} 32. Nc4 {[%emt 0:00:02]} Bd4+ {[%emt 0:00:04]} 33. Kh2 {[%emt 0:00:02]} Kg7 {[%emt 0:00:00]} 34. Rb6 {[%emt 0:00:03]} a4 {[%emt 0:00:06]} 35. Qb1 {[%emt 0:00:02]} Rfc8 {[%emt 0:00:02]} 36. Rxb7 {[%emt 0:00:01]} Rxb7 {[%emt 0:00:01]} 37. Qxb7 {[%emt 0:00:00]} Re8 {[%emt 0:00:01]} 38. Qd7 {[%emt 0:00:01]} Kf8 {[%emt 0:00:01]} 39. Nxd6 {[%emt 0:00:01] gor200506 resigns '} 1-0

[Event "OeISM B U16"]
[Site "austriaU16b"]
[Date "2020.12.11"]
[Round "4"]
[White "Stuevii"]
[Black "LPOHNEMICH"]
[Result "1-0"]
[WhiteElo "1639"]
[BlackElo "1546"]
[Annotator "NA"]
[PlyCount "107"]
[EventDate "2020.12.11"]
[EventType "blitz"]

1. e4 {[%emt 0:00:02]} b6 {[%emt 0:00:02]} 2. d4 {[%emt 0:00:02]} Bb7 {[%emt 0:00:00]} 3. Nc3 {[%emt 0:00:02]} e6 {[%emt 0:00:01]} 4. Nf3 {[%emt 0:00:05]} Bb4 {[%emt 0:00:02]} 5. Bd3 {[%emt 0:00:04]} Nf6 {[%emt 0:00:02]} 6. e5 {[%emt 0:00:02]} Ne4 {[%emt 0:00:02]} 7. Bd2 {[%emt 0:00:14]} Nxd2 {[%emt 0:00:05]} 8. Qxd2 {[%emt 0:00:01]} d6 {[%emt 0:00:07]} 9. a3 {[%emt 0:00:02]} Bxc3 {[%emt 0:00:02]} 10. Qxc3 {[%emt 0:00:01]} Nd7 {[%emt 0:00:12]} 11. O-O-O {[%emt 0:00:19]} Qe7 {[%emt 0:00:27]} 12. Qxc7 {[%emt 0:00:19]} Bd5 {[%emt 0:00:29]} 13. Qxd6 {[%emt 0:00:20]} Qxd6 {[%emt 0:00:09]} 14. exd6 {[%emt 0:00:02]} O-O {[%emt 0:00:17]} 15. Bb5 {[%emt 0:00:04]} Rfd8 {[%emt 0:00:04]} 16. c4 {[%emt 0:00:06]} Rac8 {[%emt 0:00:11]} 17. b3 {[%emt 0:00:02]} Bb7 {[%emt 0:00:12]} 18. Kb2 {[%emt 0:00:05]} a6 {[%emt 0:00:01]} 19. Bxd7 {[%emt 0:00:48]} Rxd7 {[%emt 0:00:00]} 20. Kc3 {[%emt 0:00:34]} Rxd6 {[%emt 0:00:03]} 21. Rhe1 {[%emt 0:00:06]} Bxf3 {[%emt 0:00:12]} 22. gxf3 {[%emt 0:00:02]} a5 {[%emt 0:00:09]} 23. b4 {[%emt 0:00:03]} axb4+ {[%emt 0:00:07]} 24. axb4 {[%emt 0:00:00]} b5 {[%emt 0:00:01]} 25. c5 {[%emt 0:00:02]} Rdc6 {[%emt 0:00:01]} 26. Ra1 {[%emt 0:00:03]} Rd8 {[%emt 0:00:05]} 27. Ra5 {[%emt 0:00:03]} Rc7 {[%emt 0:00:02]} 28. Rxb5 {[%emt 0:00:02]} Rcd7 {[%emt 0:00:01]} 29. Rd1 {[%emt 0:00:02]} e5 {[%emt 0:00:02]} 30. d5 {[%emt 0:00:02]} Kf8 {[%emt 0:00:06]} 31. d6 {[%emt 0:00:02]} f6 {[%emt 0:00:07]} 32. Ra1 {[%emt 0:00:05]} Rc8 {[%emt 0:00:07]} 33. Kb3 {[%emt 0:00:04]} Ke8 {[%emt 0:00:08]} 34. Ra6 {[%emt 0:00:05]} Kd8 {[%emt 0:00:05]} 35. Rab6 {[%emt 0:00:02]} Ke8 {[%emt 0:00:08]} 36. Rb8 {[%emt 0:00:02]} Rdd8 {[%emt 0:00:03]} 37. Rxc8 {[%emt 0:00:06]} Rxc8 {[%emt 0:00:00]} 38. Rb7 {[%emt 0:00:02]} Kf8 {[%emt 0:00:09]} 39. d7 {[%emt 0:00:05]} Rd8 {[%emt 0:00:03]} 40. c6 {[%emt 0:00:01]} Ke7 {[%emt 0:00:05]} 41. Kc4 {[%emt 0:00:01]} g6 {[%emt 0:00:02]} 42. Kd5 {[%emt 0:00:02]} h6 {[%emt 0:00:02]} 43. b5 {[%emt 0:00:01]} g5 {[%emt 0:00:02]} 44. Rc7 {[%emt 0:00:03]} h5 {[%emt 0:00:02]} 45. Rc8 {[%emt 0:00:02]} Rxd7+ {[%emt 0:00:05]} 46. cxd7 {[%emt 0:00:01]} Kxd7 {[%emt 0:00:00]} 47. Rc6 {[%emt 0:00:02]} g4 {[%emt 0:00:02]} 48. Rxf6 {[%emt 0:00:02]} gxf3 {[%emt 0:00:02]} 49. Rxf3 {[%emt 0:00:01]} h4 {[%emt 0:00:00]} 50. Rf7+ {[%emt 0:00:03]} Ke8 {[%emt 0:00:02]} 51. Ke6 {[%emt 0:00:01]} Kd8 {[%emt 0:00:02]} 52. b6 {[%emt 0:00:02]} e4 {[%emt 0:00:04]} 53. b7 {[%emt 0:00:02]} e3 {[%emt 0:00:01]} 54. b8=R# {[%emt 0:00:03] Mate Mate} 1-0

[Event "OeISM B U16"]
[Site "austriaU16b"]
[Date "2020.12.11"]
[Round "4"]
[White "Oberwirschtl"]
[Black "PatrikStar"]
[Result "1-0"]
[WhiteElo "1620"]
[BlackElo "1416"]
[Annotator "NA"]
[PlyCount "45"]
[EventDate "2020.12.11"]
[EventType "blitz"]

1. e4 {[%emt 0:00:05]} e5 {[%emt 0:00:01]} 2. Nf3 {[%emt 0:00:06]} Nc6 {[%emt 0:00:01]} 3. Bc4 {[%emt 0:00:17]} Nf6 {[%emt 0:00:03]} 4. d3 {[%emt 0:00:08]} Bc5 {[%emt 0:00:04]} 5. c3 {[%emt 0:00:01]} O-O {[%emt 0:00:06]} 6. Bb3 {[%emt 0:00:03]} d6 {[%emt 0:00:08]} 7. Nbd2 {[%emt 0:00:27]} Bg4 {[%emt 0:00:06]} 8. h3 {[%emt 0:00:09]} Bxf3 {[%emt 0:00:02]} 9. Nxf3 {[%emt 0:00:03]} a6 {[%emt 0:00:07]} 10. O-O {[%emt 0:00:15]} b5 {[%emt 0:00:03]} 11. Bc2 {[%emt 0:00:21]} a5 {[%emt 0:00:07]} 12. a4 {[%emt 0:00:17]} b4 {[%emt 0:00:05]} 13. d4 {[%emt 0:00:21]} exd4 {[%emt 0:00:08]} 14. cxd4 {[%emt 0:00:02]} Bb6 {[%emt 0:00:10]} 15. b3 {[%emt 0:00:07]} Re8 {[%emt 0:00:20]} 16. Re1 {[%emt 0:00:01]} d5 {[%emt 0:00:27]} 17. e5 {[%emt 0:00:07]} Nd7 {[%emt 0:00:07]} 18. Be3 {[%emt 0:00:16]} Nf8 {[%emt 0:00:08]} 19. Bd3 {[%emt 0:00:09]} Ne6 {[%emt 0:00:06]} 20. Bb5 {[%emt 0:00:01]} Qd7 {[%emt 0:00:05]} 21. Rc1 {[%emt 0:00:03]} Nexd4 {[%emt 0:00:33]} 22. Bxd4 {[%emt 0:00:03]} Bxd4 {[%emt 0:00:02]} 23. Nxd4 {[%emt 0:00:01] PatrikStar resigns} 1-0

[Event "OeISM B U16"]
[Site "austriaU16b"]
[Date "2020.12.11"]
[Round "5"]
[White "Mat_Sta"]
[Black "CrushTheRush"]
[Result "0-1"]
[WhiteElo "1962"]
[BlackElo "1947"]
[PlyCount "110"]
[EventDate "2020.12.11"]
[EventType "blitz"]

1. Nf3 {[%emt 0:00:02]} Nf6 {[%emt 0:00:02]} 2. g3 {[%emt 0:00:01]} g6 {[%emt 0:00:01]} 3. Bg2 {[%emt 0:00:01]} Bg7 {[%emt 0:00:00]} 4. O-O {[%emt 0:00:00]} O-O {[%emt 0:00:00]} 5. d4 {[%emt 0:00:00]} d5 {[%emt 0:00:00]} 6. Ne5 {[%emt 0:00:01]} c6 {[%emt 0:00:00]} 7. c4 {[%emt 0:00:02]} Nbd7 {[%emt 0:00:05]} 8. Nc3 {[%emt 0:00:09]} dxc4 {[%emt 0:00:03]} 9. Nxc4 {[%emt 0:00:01]} Nb6 {[%emt 0:00:01]} 10. Ne5 {[%emt 0:00:01]} Be6 {[%emt 0:00:03]} 11. b3 {[%emt 0:00:05]} Nfd5 {[%emt 0:00:04]} 12. Nxd5 {[%emt 0:00:08]} Nxd5 {[%emt 0:00:00]} 13. Bb2 {[%emt 0:00:07]} Nb6 {[%emt 0:00:12]} 14. Qc2 {[%emt 0:00:07]} Qc8 {[%emt 0:00:07]} 15. Rfd1 {[%emt 0:00:06]} Bh3 {[%emt 0:00:02]} 16. Bh1 {[%emt 0:00:01]} Rd8 {[%emt 0:00:03]} 17. Rac1 {[%emt 0:00:04]} Qe6 {[%emt 0:00:03]} 18. Nf3 {[%emt 0:00:22]} Bf5 {[%emt 0:00:05]} 19. Qd2 {[%emt 0:00:16]} h6 {[%emt 0:00:10]} 20. e3 {[%emt 0:00:21]} Be4 {[%emt 0:00:05]} 21. Ne1 {[%emt 0:00:12]} Bxh1 {[%emt 0:00:05]} 22. Kxh1 {[%emt 0:00:00]} Qd5+ {[%emt 0:00:03]} 23. Kg1 {[%emt 0:00:03]} e5 {[%emt 0:00:01]} 24. Rc2 {[%emt 0:00:29]} exd4 {[%emt 0:00:03]} 25. Bxd4 {[%emt 0:00:01]} Bxd4 {[%emt 0:00:01]} 26. Qxd4 {[%emt 0:00:09]} Qxd4 {[%emt 0:00:01]} 27. Rxd4 {[%emt 0:00:02]} Rxd4 {[%emt 0:00:01]} 28. exd4 {[%emt 0:00:01]} Re8 {[%emt 0:00:05]} 29. Kf1 {[%emt 0:00:06]} Nd5 {[%emt 0:00:01]} 30. Nf3 {[%emt 0:00:09]} f6 {[%emt 0:00:06]} 31. a3 {[%emt 0:00:02]} Kf7 {[%emt 0:00:02]} 32. Re2 {[%emt 0:00:06]} Rxe2 {[%emt 0:00:04]} 33. Kxe2 {[%emt 0:00:00]} g5 {[%emt 0:00:09]} 34. Kd3 {[%emt 0:00:03]} b5 {[%emt 0:00:05]} 35. Nd2 {[%emt 0:00:04]} f5 {[%emt 0:00:09]} 36. b4 {[%emt 0:00:05]} Ke6 {[%emt 0:00:02]} 37. Nb3 {[%emt 0:00:01]} Nf6 {[%emt 0:00:05]} 38. f3 {[%emt 0:00:06]} g4 {[%emt 0:00:06]} 39. f4 {[%emt 0:00:05]} Ne4 {[%emt 0:00:05]} 40. Nc5+ {[%emt 0:00:01]} Kd5 {[%emt 0:00:02]} 41. Nd7 {[%emt 0:00:10]} Nd6 {[%emt 0:00:11]} 42. Nf6+ {[%emt 0:00:04]} Ke6 {[%emt 0:00:01]} 43. Ng8 {[%emt 0:00:05]} Kf7 {[%emt 0:00:02]} 44. Nxh6+ {[%emt 0:00:07]} Kg7 {[%emt 0:00:01]} 45. Nxg4 {[%emt 0:00:07]} fxg4 {[%emt 0:00:00]} 46. d5 {[%emt 0:00:01]} cxd5 {[%emt 0:00:02]} 47. Kd4 {[%emt 0:00:01]} Nc4 {[%emt 0:00:01]} 48. Kxd5 {[%emt 0:00:03]} Nxa3 {[%emt 0:00:01]} 49. Kc5 {[%emt 0:00:02]} Kf6 {[%emt 0:00:06]} 50. Kd5 {[%emt 0:00:03]} Kf5 {[%emt 0:00:05]} 51. Kd4 {[%emt 0:00:03]} Nc2+ {[%emt 0:00:02]} 52. Kc5 {[%emt 0:00:01]} a6 {[%emt 0:00:02]} 53. Kb6 {[%emt 0:00:04]} Nxb4 {[%emt 0:00:01]} 54. Ka5 {[%emt 0:00:00]} Nd3 {[%emt 0:00:06]} 55. Kxa6 {[%emt 0:00:03]} b4 {[%emt 0:00:01] Mat_Sta resigns} 0-1

[Event "OeISM B U16"]
[Site "austriaU16b"]
[Date "2020.12.11"]
[Round "5"]
[White "Schlabberteig"]
[Black "Marc_m"]
[Result "0-1"]
[WhiteElo "1818"]
[BlackElo "2014"]
[PlyCount "102"]
[EventDate "2020.12.11"]
[EventType "blitz"]

1. e4 {[%emt 0:00:00]} c5 {[%emt 0:00:02]} 2. Nc3 {[%emt 0:00:02]} d6 {[%emt 0:00:04]} 3. f4 {[%emt 0:00:01]} e6 {[%emt 0:00:04]} 4. Nf3 {[%emt 0:00:01]} Nf6 {[%emt 0:00:01]} 5. Bb5+ {[%emt 0:00:01]} Nc6 {[%emt 0:00:10]} 6. O-O {[%emt 0:00:02]} Be7 {[%emt 0:00:01]} 7. d3 {[%emt 0:00:02]} O-O {[%emt 0:00:02]} 8. Bxc6 {[%emt 0:00:11]} bxc6 {[%emt 0:00:01]} 9. Qe1 {[%emt 0:00:01]} Rb8 {[%emt 0:00:14]} 10. Ng5 {[%emt 0:00:03]} h6 {[%emt 0:00:05]} 11. Nh3 {[%emt 0:00:02]} Ba6 {[%emt 0:00:49]} 12. Qg3 {[%emt 0:00:20]} Kh8 {[%emt 0:00:23]} 13. f5 {[%emt 0:00:05]} exf5 {[%emt 0:00:05]} 14. Rxf5 {[%emt 0:00:07]} Bc8 {[%emt 0:00:07]} 15. Rf3 {[%emt 0:00:19]} Nh5 {[%emt 0:00:13]} 16. Qf2 {[%emt 0:00:04]} Bf6 {[%emt 0:00:27]} 17. Nf4 {[%emt 0:00:36]} Nxf4 {[%emt 0:00:05]} 18. Rxf4 {[%emt 0:00:34]} Bd4 {[%emt 0:00:07]} 19. Be3 {[%emt 0:00:03]} Bxe3 {[%emt 0:00:06]} 20. Qxe3 {[%emt 0:00:02]} Rxb2 {[%emt 0:00:00]} 21. Qf2 {[%emt 0:00:15]} Be6 {[%emt 0:00:03]} 22. a4 {[%emt 0:00:10]} Qa5 {[%emt 0:00:06]} 23. Nd1 {[%emt 0:00:04]} Rb4 {[%emt 0:00:01]} 24. Ne3 {[%emt 0:00:08]} Rxa4 {[%emt 0:00:05]} 25. Rxa4 {[%emt 0:00:03]} Qxa4 {[%emt 0:00:00]} 26. h3 {[%emt 0:00:02]} Qa1+ {[%emt 0:00:05]} 27. Kh2 {[%emt 0:00:02]} Qe5 {[%emt 0:00:08]} 28. g3 {[%emt 0:00:10]} a5 {[%emt 0:00:07]} 29. Nf5 {[%emt 0:00:03]} a4 {[%emt 0:00:06]} 30. c4 {[%emt 0:00:05]} a3 {[%emt 0:00:03]} 31. Rh4 {[%emt 0:00:13]} Qb2 {[%emt 0:00:04]} 32. Rf4 {[%emt 0:00:05]} Ra8 {[%emt 0:00:06]} 33. Nxd6 {[%emt 0:00:04]} Qxf2+ {[%emt 0:00:02]} 34. Rxf2 {[%emt 0:00:00]} a2 {[%emt 0:00:01]} 35. Rf1 {[%emt 0:00:01]} a1=Q {[%emt 0:00:02]} 36. Rxa1 {[%emt 0:00:01]} Rxa1 {[%emt 0:00:01]} 37. g4 {[%emt 0:00:01]} Rd1 {[%emt 0:00:01]} 38. Kg3 {[%emt 0:00:02]} Rxd3+ {[%emt 0:00:01]} 39. Kf4 {[%emt 0:00:00]} Rxd6 {[%emt 0:00:00]} 40. Ke5 {[%emt 0:00:02]} Rd4 {[%emt 0:00:00]} 41. g5 {[%emt 0:00:02]} hxg5 {[%emt 0:00:03]} 42. h4 {[%emt 0:00:04]} gxh4 {[%emt 0:00:01]} 43. Kf4 {[%emt 0:00:00]} h3 {[%emt 0:00:00]} 44. Kg3 {[%emt 0:00:01]} Rxe4 {[%emt 0:00:01]} 45. Kh2 {[%emt 0:00:02]} Re2+ {[%emt 0:00:01]} 46. Kg3 {[%emt 0:00:01]} Rg2+ {[%emt 0:00:02]} 47. Kf4 {[%emt 0:00:02]} h2 {[%emt 0:00:01]} 48. Ke5 {[%emt 0:00:02]} h1=Q {[%emt 0:00:02]} 49. Kf4 {[%emt 0:00:01]} Re2 {[%emt 0:00:09]} 50. Kg3 {[%emt 0:00:01]} Qg2+ {[%emt 0:00:03]} 51. Kf4 {[%emt 0:00:01]} Qg4# {[%emt 0:00:00] Mate} 0-1